Szczecin - Linia 225 - Statystyki

Ogólne statystyki
  • Ten quiz został rozwiązany 14 razy
  • Średni wynik to 8 z 21
Statystyki odpowiedzi
Kolejność Przystanek % Poprawnych
12 Bezrzecze
75%
21 Dobra Osiedle
63%
1 Klonowica Zajezdnia
63%
4 Krzekowo
63%
20 Dobra Rondo
50%
5 Krzekowo Kościół
50%
6 Modra
50%
17 Dobra MZAZ
38%
9 Rozmarynowa
38%
2 Wernyhory
38%
14 Wołczkowo Kościół
38%
8 Wronia
38%
10 Zaściankowa
38%
3 Źołnierska
38%
11 Bezrzecze Koralowa
25%
18 Dobra Lawendowa
25%
16 Wołczkowo Łąkowa
25%
13 Wołczkowo Słoneczna
25%
7 Żyzna
25%
19 Dobra Spacerowa
13%
15 Wołczkowo Piaskowa
13%
Nie znaleziono quizów pasujących do podanych kryteriów
Rozkład punktacji
Procent ludzi z każdym wynikiem
Percentyl według liczby udzielonych odpowiedzi
Twoja historia wyników
Nie rozwiązałeś tego quizu